000 00467nam a2200169 4500
001 136209
003 ES-MaACL
005 20230906195048.0
007 t|
008 070214s1973 sp r ||||1| spa d
100 1 _aRuiz Vázquez, Jesús.
_9100948
245 1 0 _aFísica /
_cJesús Ruiz Vázquez.
250 _a1ª ed.
260 _aMadrid :
_bSelecciones Científicas,
_c1973.
300 _aXII, 495 p. :
_bil. ;
_c23 cm.
852 _aES-MaACL
_jC-55204
_bR.87920
999 _c136209
_d136209